[Event "2.BLO 1516 SF Neuberg - SG Leipzig"]
[Site "?"]
[Date "2016.02.21"]
[Round "10.8"]
[White "Schaffer, Hendrik"]
[Black "Schultz, Andreas"]
[Result "1/2-1/2"]
[WhiteElo "2265"]
[BlackElo "2260"]
[PlyCount "35"]
[EventDate "2016.??.??"]

1. d4 Nf6 2. c4 g6 3. Nc3 Bg7 4. e4 d6 5. Nf3 O-O 6. Be2 e5 7. O-O Na6 8. Be3
c6 9. dxe5 dxe5 10. a3 Ng4 11. Bg5 f6 12. Bc1 Qe7 13. h3 Nh6 14. b4 Rd8 15. Qc2
Nc7 16. Be3 b6 17. Rfd1 Nf7 18. Rxd8+ 1/2-1/2

[Event "2.BLO 1516 SG Leipzig - SC Garching"]
[Site "?"]
[Date "2016.03.12"]
[Round "3.1"]
[White "Stocek, Jiri"]
[Black "Voigt, Roland"]
[Result "1-0"]
[WhiteElo "2531"]
[BlackElo "2447"]
[PlyCount "55"]
[EventDate "2016.??.??"]

1. e4 c5 2. Nf3 e6 3. Nc3 a6 4. d4 cxd4 5. Nxd4 Qc7 6. Bd3 Nf6 7. Bg5 Nc6 8.
Nxc6 bxc6 9. Qf3 Bd6 10. Bxf6 gxf6 11. Qxf6 Be5 12. Qh4 Rb8 13. Nd1 Qa5+ 14.
Ke2 d5 15. Re1 Bg7 16. Qg3 dxe4 17. Qxg7 exd3+ 18. cxd3 Rf8 19. Kf1 Qb6 20. Nc3
a5 21. Re3 Ba6 22. Rae1 Qc5 23. Ne4 Qe7 24. Nf6+ Kd8 25. Nxh7 Re8 26. Ng5 Rb7
27. h4 Kc8 28. Qc3 1-0

[Event "2.BLO 1516 SG Leipzig - SC Garching"]
[Site "?"]
[Date "2016.03.12"]
[Round "3.2"]
[White "Langrock, Hannes"]
[Black "Loetscher, Roland"]
[Result "1/2-1/2"]
[WhiteElo "2410"]
[BlackElo "2429"]
[PlyCount "72"]
[EventDate "2016.??.??"]

1. d4 d5 2. c4 c6 3. cxd5 cxd5 4. Nc3 Nc6 5. e4 Nf6 6. e5 Ne4 7. Bd3 Nxd4 8.
Qa4+ Nc6 9. Nxe4 dxe4 10. Bxe4 e6 11. Bxc6+ bxc6 12. Nf3 Be7 13. O-O O-O 14.
Rd1 Qb6 15. Qg4 Rd8 16. Bg5 Rxd1+ 17. Rxd1 Bf8 18. b3 c5 19. Nd2 Bb7 20. Nc4
Qc7 21. Rd3 Bd5 22. Bf6 Bxc4 23. Rg3 Qa5 24. Qxc4 Qxa2 25. h3 Rb8 26. Kh2 g6
27. Rf3 Qd2 28. Qa6 Qc2 29. Qxa7 Rxb3 30. Qa8 Rxf3 31. Be7 h5 32. Qxf8+ Kh7 33.
Bf6 Rxh3+ 34. gxh3 Qf5 35. Kg3 Qg4+ 36. Kh2 Qf4+ 1/2-1/2

[Event "2.BLO 1516 SG Leipzig - SC Garching"]
[Site "?"]
[Date "2016.03.12"]
[Round "3.3"]
[White "Koepke, Christian"]
[Black "Rausch, Stephan"]
[Result "1-0"]
[WhiteElo "2319"]
[BlackElo "2283"]
[PlyCount "45"]
[EventDate "2016.??.??"]

1. e4 e6 2. d4 d5 3. Nc3 Bb4 4. e5 c5 5. a3 Bxc3+ 6. bxc3 Ne7 7. Qg4 O-O 8. Bd3
Nd7 9. Nf3 f5 10. Qh3 Qa5 11. Bd2 Nb6 12. Qh4 Ng6 13. Qh5 Ne7 14. Qh4 Ng6 15.
Qh5 Ne7 16. g4 Nc4 17. Rg1 Nxd2 18. Kxd2 cxd4 19. gxf5 Qxc3+ 20. Ke2 exf5 21.
Rxg7+ Kxg7 22. Ng5 h6 23. Rg1 1-0

[Event "2.BLO 1516 SG Leipzig - SC Garching"]
[Site "?"]
[Date "2016.03.12"]
[Round "3.4"]
[White "Liedtke, Matthias"]
[Black "Bredl, Harald"]
[Result "1-0"]
[WhiteElo "2244"]
[BlackElo "2362"]
[PlyCount "93"]
[EventDate "2016.??.??"]

1. e4 e5 2. Nf3 Nc6 3. Bc4 Nf6 4. d3 Be7 5. c3 O-O 6. O-O h6 7. Nbd2 d6 8. Bb3
Nh7 9. Nc4 Ng5 10. Nxg5 Bxg5 11. f4 Bxf4 12. Bxf4 exf4 13. Rxf4 Be6 14. d4 Ne7
15. Ne3 Ng6 16. Rf3 c5 17. Qd3 Qb6 18. Nf5 Rac8 19. Qd2 cxd4 20. Qxd4 Ne5 21.
Ne7+ Kh8 22. Qxb6 Nxf3+ 23. gxf3 axb6 24. Nxc8 Rxc8 25. Rd1 Rd8 26. Bd5 Kg8 27.
Rd4 Kf8 28. Rb4 Bxd5 29. exd5 Ke7 30. Rxb6 Rd7 31. Rb4 f5 32. f4 g5 33. Kf2 Kf6
34. Kf3 gxf4 35. Kxf4 Rg7 36. h3 Rg2 37. Rxb7 Rf2+ 38. Ke3 Rh2 39. a4 Ke5 40.
a5 Rxh3+ 41. Ke2 Rh1 42. b4 Kxd5 43. a6 Ra1 44. b5 h5 45. a7 h4 46. Kf3 Ra3 47.
Rc7 1-0

[Event "2.BLO 1516 SG Leipzig - SC Garching"]
[Site "?"]
[Date "2016.03.12"]
[Round "3.5"]
[White "Levushkina, Elena"]
[Black "Boehnisch, Manfred"]
[Result "0-1"]
[WhiteElo "2303"]
[BlackElo "2291"]
[PlyCount "124"]
[EventDate "2016.??.??"]

1. e4 c6 2. c4 d5 3. exd5 cxd5 4. cxd5 Nf6 5. Nc3 Nxd5 6. Nf3 Nc6 7. Bb5 a6 8.
Bxc6+ bxc6 9. Qa4 Bb7 10. O-O e6 11. d4 Be7 12. Ne4 Qb6 13. Bd2 O-O 14. Rfc1
Qb5 15. Qc2 a5 16. Nc5 Bc8 17. b3 Rd8 18. Qe4 Qb6 19. Na4 Qb5 20. Rc2 Bd7 21.
Bg5 Nf6 22. Bxf6 Bxf6 23. Rc5 Qb4 24. Rc4 Qb5 25. Rac1 Be8 26. h4 h6 27. Rc5
Qb4 28. R5c4 Qb5 29. Qe3 Qh5 30. g3 Ra7 31. Nc3 Be7 32. Ne5 g5 33. Ne2 Bf6 34.
Qf3 Qxf3 35. Nxf3 gxh4 36. gxh4 Rd5 37. Kg2 Ra8 38. Nc3 Rh5 39. Ne4 Bg7 40. Kh3
Rd8 41. Rg1 Rf5 42. Rg3 Kf8 43. Nc5 Rdd5 44. Nd3 Bf6 45. Kg2 c5 46. Nxc5 Bb5
47. Rc1 Bxd4 48. Ne4 Rf4 49. Nc3 Bxc3 50. Rxc3 Rdf5 51. Kg1 Ba6 52. Nd2 Rxf2
53. Nf3 Rxa2 54. Rc7 Be2 55. Nd4 Rf1+ 56. Kg2 Bc4+ 57. Kh3 Bd5 58. Rc8+ Ke7 59.
Rc7+ Kf6 60. h5 e5 61. Nc2 Be6+ 62. Kh2 Rf2+ 0-1

[Event "2.BLO 1516 SG Leipzig - SC Garching"]
[Site "?"]
[Date "2016.03.12"]
[Round "3.6"]
[White "Schunk, Thomas"]
[Black "Seifert, Volker"]
[Result "0-1"]
[WhiteElo "2197"]
[BlackElo "2366"]
[PlyCount "96"]
[EventDate "2016.??.??"]

1. c4 e6 2. Nf3 Nf6 3. g3 d5 4. Bg2 dxc4 5. Qc2 Be7 6. Qxc4 O-O 7. O-O a6 8. d4
b5 9. Qc2 Bb7 10. Bg5 Nbd7 11. Nbd2 a5 12. a4 b4 13. Rac1 Rc8 14. Rfd1 c5 15.
Nc4 cxd4 16. Rxd4 Bd5 17. e4 b3 18. Qe2 Nxe4 19. Bxe7 Qxe7 20. Rxe4 Bxe4 21.
Qxe4 Qb4 22. Bf1 Qxa4 23. Qe1 Qb4 24. Qxb4 axb4 25. Nfd2 Rfd8 26. Nxb3 Nf6 27.
Ra1 Ra8 28. Rxa8 Rxa8 29. Nc5 Nd5 30. Kg2 g6 31. Be2 Kg7 32. Kf3 Ra1 33. Nd3
Rb1 34. Ke4 g5 35. Ne3 Nb6 36. Kd4 f5 37. Nc4 Nxc4 38. Kxc4 Rh1 39. Kxb4 Rxh2
40. Kc5 e5 41. b4 e4 42. Nc1 Rxf2 43. b5 f4 44. gxf4 gxf4 45. Kd4 f3 46. Ke3
Rh2 47. b6 fxe2 48. Nxe2 Rh6 0-1

[Event "2.BLO 1516 SG Leipzig - SC Garching"]
[Site "?"]
[Date "2016.03.12"]
[Round "3.7"]
[White "Schmitz, Thorsten"]
[Black "Schultz, Andreas"]
[Result "1-0"]
[WhiteElo "2315"]
[BlackElo "2253"]
[PlyCount "91"]
[EventDate "2016.??.??"]

1. e4 e6 2. d4 d5 3. Nc3 Nf6 4. Bd3 c5 5. Nf3 Nc6 6. exd5 exd5 7. O-O c4 8.
Re1+ Be7 9. Be2 Bg4 10. Ne5 Bxe2 11. Rxe2 h6 12. Nxc6 bxc6 13. Qe1 Kd7 14. Na4
Bd6 15. f3 Qc7 16. Bf4 Rae8 17. Be5 Bxe5 18. dxe5 Nh5 19. g3 g5 20. b3 cxb3 21.
axb3 Ng7 22. Nc5+ Kc8 23. Ra6 Ne6 24. Qb4 Re7 25. Nxe6 Rxe6 26. Qc5 Kb8 27. c4
Rd8 28. Rea2 Qe7 29. Qxa7+ Qxa7+ 30. Rxa7 dxc4 31. bxc4 Rd1+ 32. Kg2 Rxe5 33.
Rxf7 Rc5 34. Re2 Rd8 35. Re4 Kc8 36. Kh3 Rd7 37. Rxd7 Kxd7 38. Kg4 Ra5 39. Kh5
g4+ 40. Kxg4 Kd6 41. f4 Ra2 42. h3 Ra3 43. f5 h5+ 44. Kh4 Rf3 45. g4 hxg4 46.
hxg4 1-0

[Event "2.BLO 1516 SG Leipzig - SC Garching"]
[Site "?"]
[Date "2016.03.12"]
[Round "3.8"]
[White "Kreyssig, Robert"]
[Black "Rusche, Johannes"]
[Result "1/2-1/2"]
[WhiteElo "2224"]
[BlackElo "2254"]
[PlyCount "38"]
[EventDate "2016.??.??"]

1. e4 e5 2. Nf3 Nc6 3. Bc4 Nf6 4. Ng5 d5 5. exd5 Na5 6. Bb5+ c6 7. dxc6 bxc6 8.
Bd3 Ng4 9. Ne4 f5 10. Be2 h5 11. h3 fxe4 12. hxg4 Bc5 13. d3 O-O 14. Be3 Bxe3
15. fxe3 Qf6 16. Nc3 Qf2+ 17. Kd2 Nc4+ 18. dxc4 Rd8+ 19. Nd5 cxd5 {(=)} 1/2-1/2

[Event "2.BLO 1516 AE Magdeburg - MSA Zugzwang"]
[Site "?"]
[Date "2016.03.12"]
[Round "3.1"]
[White "Kindermann, Stefan"]
[Black "Heinemann, Josefine"]
[Result "1-0"]
[WhiteElo "2514"]
[BlackElo "2258"]
[PlyCount "55"]
[EventDate "2016.??.??"]

1. d4 Nf6 2. Bg5 e6 3. e4 h6 4. Bxf6 Qxf6 5. c3 d6 6. Bd3 g6 7. Ne2 Bg7 8. O-O
O-O 9. f4 Qe7 10. Nd2 Nd7 11. e5 d5 12. Nf3 c5 13. g4 Re8 14. f5 exf5 15. gxf5
c4 16. Bc2 gxf5 17. Nf4 Nf8 18. Nxd5 Qd8 19. Ne3 f4 20. Nxc4 Bh3 21. Rf2 Re6
22. Nd6 Rxd6 23. exd6 Ne6 24. Qd3 Qxd6 25. Qh7+ Kf8 26. Bf5 Bxf5 27. Qxf5 Re8
28. Re1 1-0

[Event "2.BLO 1516 AE Magdeburg - MSA Zugzwang"]
[Site "?"]
[Date "2016.03.12"]
[Round "3.2"]
[White "Andre, Gordon"]
[Black "Hertneck, Gerald"]
[Result "0-1"]
[WhiteElo "2240"]
[BlackElo "2461"]
[PlyCount "94"]
[EventDate "2016.??.??"]

1. d4 Nf6 2. c4 c5 3. d5 b5 4. Qc2 Na6 5. a3 Qa5+ 6. Bd2 b4 7. e4 e5 8. dxe6
dxe6 9. Nf3 Qc7 10. Bd3 Bd6 11. O-O O-O 12. Bg5 Kh8 13. Qe2 Bb7 14. Nbd2 Nd7
15. Rfd1 bxa3 16. Rxa3 Nb4 17. Bb1 Ne5 18. Nh4 f6 19. Be3 g5 20. Nhf3 Nxf3+ 21.
Nxf3 g4 22. Nh4 Bxh2+ 23. Kh1 Be5 24. Qxg4 Rg8 25. Qh5 Bxb2 26. Rb3 Be5 27.
Bxc5 a5 28. Rh3 Qg7 29. Be3 Qg4 30. Qxg4 Rxg4 31. f4 Bb2 32. Rd7 Bc6 33. Re7
Rd8 34. Ng6+ Kg8 35. Rexh7 Rd1+ 36. Kh2 Rxg6 37. Rh8+ Kf7 38. Rc8 Rg8 39. Rh7+
Kg6 40. Rcc7 f5 41. Rh3 Rh8 42. exf5+ exf5 43. Rxh8 Bxh8 44. Bc2 Rd7 45. Rc8
Bd4 46. Bxd4 Rxd4 47. g4 Rd2+ 0-1

[Event "2.BLO 1516 AE Magdeburg - MSA Zugzwang"]
[Site "?"]
[Date "2016.03.12"]
[Round "3.3"]
[White "Zysk, Robert"]
[Black "Woellermann, Jan"]
[Result "1/2-1/2"]
[WhiteElo "2386"]
[BlackElo "2370"]
[PlyCount "79"]
[EventDate "2016.??.??"]

1. Nf3 Nf6 2. g3 b5 3. Bg2 Bb7 4. O-O e6 5. d3 Be7 6. e4 d6 7. Nbd2 c5 8. a4 a6
9. Re1 Nbd7 10. Nf1 O-O 11. h4 Qc7 12. Ng5 h6 13. Nh3 d5 14. g4 dxe4 15. g5
hxg5 16. hxg5 Nh7 17. Bxe4 Bxe4 18. Rxe4 Ne5 19. Bf4 Bd6 20. Qe2 Ng6 21. Bxd6
Qxd6 22. Re1 Rad8 23. Qg4 Qb6 24. axb5 axb5 25. Nh2 Rd5 26. Nf3 Re8 27. Nf4
Nxf4 28. Rxf4 Qd6 29. Rfe4 Qd8 30. Re5 Nf8 31. Rxd5 exd5 32. Rxe8 Qxe8 33. d4
c4 34. Ne5 Qe6 35. Qf4 Ng6 36. Nxg6 Qxg6 37. Qb8+ Kh7 38. Qh2+ Kg8 39. Qb8+ Kh7
40. Qh2+ 1/2-1/2

[Event "2.BLO 1516 AE Magdeburg - MSA Zugzwang"]
[Site "?"]
[Date "2016.03.12"]
[Round "3.4"]
[White "Melamed, Tatjana"]
[Black "Gerigk, Erasmus"]
[Result "1/2-1/2"]
[WhiteElo "2301"]
[BlackElo "2387"]
[PlyCount "49"]
[EventDate "2016.??.??"]

1. e4 c5 2. c3 Nf6 3. e5 Nd5 4. Nf3 Nc6 5. Bc4 Nb6 6. Bb3 d6 7. exd6 e6 8. d4
cxd4 9. cxd4 Qxd6 10. O-O Be7 11. Nc3 O-O 12. Re1 Rd8 13. Nb5 Qd7 14. Bf4 Nd5
15. Bg3 a6 16. Nc3 Nxc3 17. bxc3 b5 18. Qd3 b4 19. Ba4 Qb7 20. Qe4 Na5 21. Qxb7
Bxb7 22. Bc7 Rd5 23. cxb4 Bxb4 24. Rec1 Ba3 25. Rc2 1/2-1/2

[Event "2.BLO 1516 AE Magdeburg - MSA Zugzwang"]
[Site "?"]
[Date "2016.03.12"]
[Round "3.5"]
[White "Lammers, Markus"]
[Black "Paul, Johannes"]
[Result "0-1"]
[WhiteElo "2324"]
[BlackElo "2285"]
[PlyCount "48"]
[EventDate "2016.??.??"]

1. Nf3 Nf6 2. c4 b6 3. d4 e6 4. g3 Ba6 5. Qc2 Bb4+ 6. Nbd2 c5 7. Bg2 Nc6 8. O-O
cxd4 9. Rd1 Qc8 10. Qa4 Be7 11. Nxd4 Nxd4 12. Bxa8 Qxa8 13. Qxa6 Nxe2+ 14. Kf1
Nd4 15. Kg1 h5 16. f3 h4 17. Rf1 Bc5 18. Kg2 Nc2 19. Nb3 Ne1+ 20. Kh3 hxg3+ 21.
Kxg3 Nh5+ 22. Kh3 Nf6+ 23. Kg3 Qb8+ 24. f4 Ne4+ 0-1

[Event "2.BLO 1516 AE Magdeburg - MSA Zugzwang"]
[Site "?"]
[Date "2016.03.12"]
[Round "3.6"]
[White "Schoene, Maria"]
[Black "Eichler, Christoph"]
[Result "1/2-1/2"]
[WhiteElo "2265"]
[BlackElo "2349"]
[PlyCount "109"]
[EventDate "2016.??.??"]

1. e4 e5 2. Nf3 Nc6 3. Bb5 a6 4. Ba4 Nf6 5. O-O Be7 6. Re1 b5 7. Bb3 d6 8. c3
O-O 9. h3 Nb8 10. d4 Nbd7 11. Nbd2 Bb7 12. Bc2 Re8 13. Nf1 Bf8 14. Ng3 g6 15.
Bg5 h6 16. Bd2 d5 17. exd5 exd4 18. cxd4 Bxd5 19. Ne5 c5 20. Nxd7 Rxe1+ 21.
Qxe1 Nxd7 22. dxc5 Nxc5 23. Bc3 b4 24. Bxb4 Qe8 25. Qd2 Qc6 26. f3 Rd8 27. Bc3
Ne6 28. Bf6 Rd7 29. Rd1 Qb6+ 30. Kh2 Bc6 31. Qe1 Rxd1 32. Qxd1 Qf2 33. Qe2 Qb6
34. Ne4 Nf4 35. Qf2 Qc7 36. Kh1 Nd5 37. Bd4 Qf4 38. g3 Qc1+ 39. Kg2 f5 40. Nf6+
Nxf6 41. Bxf6 Bd5 42. a3 Bc4 43. h4 Bc5 44. Qxc5 Qxc2+ 45. Qf2 Qxf2+ 46. Kxf2
Kf7 47. Bc3 Ke6 48. Ke3 Kd5 49. h5 gxh5 50. Bg7 Bb3 51. Bxh6 a5 52. Kf4 Ke6 53.
Bg7 a4 54. Kg5 Bd1 55. Kf4 1/2-1/2

[Event "2.BLO 1516 AE Magdeburg - MSA Zugzwang"]
[Site "?"]
[Date "2016.03.12"]
[Round "3.7"]
[White "Hoffmeyer, Falk"]
[Black "Sieber, Fiona"]
[Result "1/2-1/2"]
[WhiteElo "2352"]
[BlackElo "2168"]
[PlyCount "100"]
[EventDate "2016.??.??"]

1. d4 Nf6 2. Bg5 e6 3. e4 h6 4. Bxf6 Qxf6 5. c3 d6 6. Bd3 Nd7 7. Ne2 Qd8 8. O-O
Be7 9. f4 e5 10. Nd2 O-O 11. Nf3 Re8 12. Qb3 Bf6 13. Bc4 Rf8 14. fxe5 dxe5 15.
Nxe5 Bxe5 16. Bxf7+ Kh8 17. dxe5 Nxe5 18. Be6 Bxe6 19. Qxe6 Qg5 20. Qh3 Qd2 21.
Nd4 Qxb2 22. Nf5 Qb6+ 23. Kh1 Rae8 24. Rab1 Qa6 25. Kg1 Rf6 26. Rb2 Rb6 27.
Rbf2 Qd3 28. Qh5 Rg6 29. Nh4 Rge6 30. Rf8+ Rxf8 31. Rxf8+ Kh7 32. Qf5+ Ng6 33.
Qxe6 Nxf8 34. Qf5+ Kg8 35. Qd5+ Qxd5 36. exd5 Kf7 37. Kf2 Nd7 38. Ke3 Kf6 39.
Kd4 Ne5 40. Ke4 Nc4 41. Nf3 Nd6+ 42. Kd4 Nb5+ 43. Kd3 Nd6 44. c4 Nf7 45. Kd4 b6
46. c5 Kf5 47. Nh4+ Kg5 48. Nf3+ Kf5 49. Nh4+ Kg5 50. Nf3+ Kf5 1/2-1/2

[Event "2.BLO 1516 AE Magdeburg - MSA Zugzwang"]
[Site "?"]
[Date "2016.03.12"]
[Round "3.8"]
[White "Roseneck, Jonas"]
[Black "Panteleev, Petar"]
[Result "0-1"]
[WhiteElo "2050"]
[BlackElo "2239"]
[PlyCount "84"]
[EventDate "2016.??.??"]

1. e4 c5 2. Nf3 Nc6 3. d4 cxd4 4. Nxd4 g6 5. Nc3 Bg7 6. Be3 Nf6 7. Bc4 O-O 8.
Bb3 d6 9. f3 Bd7 10. Qd2 Ne5 11. O-O-O Rc8 12. h4 h5 13. Bg5 Rc5 14. Kb1 Re8
15. g4 hxg4 16. f4 Nc4 17. Qe2 Qc8 18. f5 gxf5 19. Bxc4 Rxc4 20. exf5 Rxd4 21.
Rxd4 Bxf5 22. Rc4 Qe6 23. Qxe6 Bxe6 24. Rc7 Nd5 25. Nxd5 Bxd5 26. Rg1 f6 27.
Be3 f5 28. Bg5 Kf7 29. c3 Be4+ 30. Kc1 Bf6 31. Bxf6 Kxf6 32. Kd2 Rh8 33. Ke3
Rxh4 34. a4 Rh3+ 35. Kd4 g3 36. Ke3 e5 37. Rd7 d5 38. c4 d4+ 39. Ke2 f4 40. Rd8
f3+ 41. Kd2 Rh2+ 42. Kd1 f2 0-1

[Event "2.BLO 1516 SF Neuberg - Bindl Aktionär"]
[Site "?"]
[Date "2016.03.12"]
[Round "3.1"]
[White "Bindrich, Falko"]
[Black "Lubbe, Nikolas"]
[Result "1-0"]
[WhiteElo "2557"]
[BlackElo "2509"]
[PlyCount "93"]
[EventDate "2016.??.??"]

1. d4 Nf6 2. c4 e6 3. Nc3 Bb4 4. Qc2 O-O 5. Nf3 d5 6. cxd5 exd5 7. Bf4 Ne4 8.
e3 g5 9. Be5 f6 10. Bg3 h5 11. h4 Bf5 12. Bd3 g4 13. Nd2 Bxc3 14. bxc3 Nxg3 15.
fxg3 Bxd3 16. Qxd3 f5 17. O-O Qd7 18. Rab1 b6 19. c4 c6 20. Rf4 Kg7 21. c5 Qe6
22. cxb6 axb6 23. Rxb6 Rxa2 24. Rb7+ Kg6 25. Kh2 Nd7 26. Nb3 Qd6 27. Qc3 Ra3
28. Qc2 Rf6 29. Qb2 Ra8 30. Qc1 Re8 31. Qd2 Re4 32. Nc1 Rfe6 33. Qc2 Nf6 34.
Ne2 Nd7 35. Rxe4 Rxe4 36. Nf4+ Kh6 37. Ra7 Nb6 38. Ra6 Nc4 39. Qa4 Ne5 40. Rb6
Qc5 41. Qa6 Nf3+ 42. gxf3 Qc2+ 43. Qe2 Qxe2+ 44. Nxe2 Rxe3 45. Rxc6+ Kh7 46.
Nf4 gxf3 47. Kg1 1-0

[Event "2.BLO 1516 SF Neuberg - Bindl Aktionär"]
[Site "?"]
[Date "2016.03.12"]
[Round "3.2"]
[White "Lubbe, Melanie"]
[Black "Petr, Martin"]
[Result "0-1"]
[WhiteElo "2306"]
[BlackElo "2507"]
[PlyCount "98"]
[EventDate "2016.??.??"]

1. e4 e6 2. d4 d5 3. Nd2 c5 4. exd5 Qxd5 5. dxc5 Bxc5 6. Ngf3 Nf6 7. Bc4 Qc6 8.
Qe2 a6 9. O-O O-O 10. Nb3 Bd6 11. Nbd4 Qc7 12. Bg5 Nbd7 13. Rad1 Re8 14. Rfe1
Bf8 15. Bh4 b5 16. Bb3 Nc5 17. Ne5 Nxb3 18. axb3 Bb7 19. Nxb5 axb5 20. Bxf6
gxf6 21. Qg4+ Bg7 22. Rd7 Qxe5 23. Rxe5 fxe5 24. h4 Bc6 25. Rc7 Rac8 26. Rxc8
Rxc8 27. c4 h6 28. Qe2 Rb8 29. Qd2 Bf8 30. Qe2 e4 31. Qg4+ Bg7 32. Qf4 Rc8 33.
cxb5 Bxb5 34. Qxe4 Rc1+ 35. Kh2 Bc6 36. Qe2 Bd5 37. b4 Rc4 38. Kh3 Rxb4 39. Qd2
Rxb2 40. Qf4 Rb3+ 41. Kh2 Rc3 42. Qb8+ Kh7 43. Qf4 f5 44. Qd6 Rc2 45. Kg1 Rc4
46. Qe7 Rg4 47. g3 Rc4 48. Kf1 Bf3 49. Ke1 Rd4 0-1

[Event "2.BLO 1516 SF Neuberg - Bindl Aktionär"]
[Site "?"]
[Date "2016.03.12"]
[Round "3.3"]
[White "Neuman, Petr"]
[Black "Wahedi, Ahmad Siar"]
[Result "1-0"]
[WhiteElo "2440"]
[BlackElo "2307"]
[PlyCount "79"]
[EventDate "2016.??.??"]

1. c4 e5 2. Nc3 Nc6 3. e3 Nf6 4. Nf3 Be7 5. a3 a5 6. Be2 O-O 7. O-O Re8 8. d3
Bf8 9. b3 d6 10. Bb2 Ng4 11. h3 Nh6 12. Re1 f5 13. Bf1 Ne7 14. Nh2 g5 15. g3
Ng6 16. Bg2 c6 17. b4 Bg7 18. b5 Bd7 19. Rb1 Rf8 20. Ba1 f4 21. bxc6 bxc6 22.
Ne4 fxg3 23. fxg3 d5 24. cxd5 cxd5 25. Nc5 g4 26. Bxd5+ Kh8 27. Nxd7 Qxd7 28.
Bxa8 Rxa8 29. hxg4 Qd6 30. Rb7 Qxa3 31. Rf1 Qc5 32. Qc1 Rc8 33. Qxc5 Rxc5 34.
g5 Ng8 35. Ng4 h5 36. Nf2 N8e7 37. Ne4 Rc2 38. Rb8+ Nc8 39. Bc3 Nge7 40. g6 1-0

[Event "2.BLO 1516 SF Neuberg - Bindl Aktionär"]
[Site "?"]
[Date "2016.03.12"]
[Round "3.4"]
[White "Kuenstler, Christian"]
[Black "Cech, Pavel"]
[Result "1-0"]
[WhiteElo "2250"]
[BlackElo "2384"]
[PlyCount "71"]
[EventDate "2016.??.??"]

1. d4 d5 2. c4 c6 3. Nf3 Nf6 4. Nc3 dxc4 5. a4 Bf5 6. Ne5 Nbd7 7. Nxc4 Qc7 8.
g3 e5 9. dxe5 Nxe5 10. Bf4 Nfd7 11. Bg2 f6 12. O-O O-O-O 13. Rc1 Nc5 14. Qe1
Kb8 15. b4 Nb3 16. Rb1 Bxb1 17. Qxb1 Nd4 18. Bxe5 fxe5 19. e3 Ne6 20. Rc1 Re8
21. b5 Nd8 22. bxc6 Nxc6 23. Nb5 Qd7 24. Rd1 Qc8 25. Nbd6 Bxd6 26. Nxd6 Qd7 27.
Nxe8 Qxe8 28. Qb5 Kc7 29. Rb1 Nd8 30. Rc1+ Kb8 31. Qc5 a6 32. Qc7+ Ka7 33. Qc5+
Ka8 34. Qb6 Kb8 35. Rc7 e4 36. Bh3 1-0

[Event "2.BLO 1516 SF Neuberg - Bindl Aktionär"]
[Site "?"]
[Date "2016.03.12"]
[Round "3.5"]
[White "Krensing, Jan"]
[Black "Seifert, Christopher"]
[Result "1/2-1/2"]
[WhiteElo "2322"]
[BlackElo "2302"]
[PlyCount "90"]
[EventDate "2016.??.??"]

1. d4 c5 2. d5 d6 3. c4 g6 4. e4 Bg7 5. Bd3 Nf6 6. Nc3 O-O 7. h3 e6 8. Nf3 exd5
9. cxd5 a6 10. a4 Nh5 11. Bg5 Bf6 12. Be3 Nd7 13. O-O Rb8 14. Re1 Re8 15. Qd2
Bg7 16. Rab1 Qa5 17. g4 Nhf6 18. Bf4 Ne5 19. Nxe5 dxe5 20. Bg5 Bd7 21. Qe3 Rec8
22. Qg3 Ne8 23. Bd2 b5 24. axb5 axb5 25. b4 cxb4 26. Ne2 Rc4 27. Bxc4 bxc4 28.
Rec1 Nd6 29. Rxb4 Rxb4 30. Qc3 Nxe4 31. Qxb4 Qxd5 32. Qb8+ Bf8 33. Bb4 Nc5 34.
Nc3 Qb7 35. Qxb7 Nxb7 36. Bxf8 Kxf8 37. Ne4 Bb5 38. g5 Ke7 39. Rd1 Bc6 40. Nc3
Ke6 41. Rb1 Na5 42. Rb6 Kd6 43. Ra6 Nb3 44. Ra7 Ke6 45. Kh2 Nd4 1/2-1/2

[Event "2.BLO 1516 SF Neuberg - Bindl Aktionär"]
[Site "?"]
[Date "2016.03.12"]
[Round "3.6"]
[White "Lutz, Klaus-Juergen"]
[Black "Wall, Gavin"]
[Result "1/2-1/2"]
[WhiteElo "2306"]
[BlackElo "2344"]
[PlyCount "40"]
[EventDate "2016.??.??"]

1. e4 e5 2. Nf3 d6 3. d4 exd4 4. Nxd4 Nf6 5. Nc3 Be7 6. Bf4 O-O 7. Be2 Re8 8.
O-O Bf8 9. Bf3 Nbd7 10. Bg5 h6 11. Bh4 Ne5 12. Re1 c6 13. a4 g5 14. Bg3 g4 15.
Be2 Nh5 16. Bxe5 dxe5 17. Nf5 Bxf5 18. exf5 Qxd1 19. Raxd1 Nf6 20. Bd3 Rad8
1/2-1/2

[Event "2.BLO 1516 SF Neuberg - Bindl Aktionär"]
[Site "?"]
[Date "2016.03.12"]
[Round "3.7"]
[White "Havlikova, Kristyna"]
[Black "Schaffer, Hendrik"]
[Result "1/2-1/2"]
[WhiteElo "2313"]
[BlackElo "2272"]
[PlyCount "67"]
[EventDate "2016.??.??"]

1. e4 c5 2. Nf3 d6 3. d4 cxd4 4. Nxd4 Nf6 5. Nc3 g6 6. Be3 Bg7 7. f3 Nc6 8. Qd2
O-O 9. g4 Be6 10. Nxe6 fxe6 11. O-O-O Ne5 12. Be2 Rc8 13. h4 Qa5 14. h5 b5 15.
hxg6 hxg6 16. Bh6 b4 17. Nb1 Qxa2 18. Bxg7 Kxg7 19. Qxb4 a5 20. Qa3 Qxa3 21.
Nxa3 g5 22. Rdf1 Rh8 23. Kd2 d5 24. exd5 exd5 25. Nb5 Nc6 26. c3 Nd7 27. Nd4
Nxd4 28. cxd4 Nb6 29. b3 a4 30. bxa4 Nxa4 31. Rxh8 Rxh8 32. Rb1 Rh6 33. Rb7 Kf7
34. Rb4 1/2-1/2

[Event "2.BLO 1516 SF Neuberg - Bindl Aktionär"]
[Site "?"]
[Date "2016.03.12"]
[Round "3.8"]
[White "Hankel, Dennis"]
[Black "Delitzsch, Juergen"]
[Result "0-1"]
[WhiteElo "2162"]
[BlackElo "2270"]
[PlyCount "128"]
[EventDate "2016.??.??"]

1. e4 c5 2. Nf3 g6 3. d4 cxd4 4. Nxd4 Nc6 5. c4 Nf6 6. Nc3 d6 7. Be2 Nxd4 8.
Qxd4 Bg7 9. Bg5 O-O 10. Qd2 a5 11. Rc1 a4 12. f3 Be6 13. O-O Qa5 14. Nd5 Qxd2
15. Nxe7+ Kh8 16. Bxd2 Rfe8 17. Nd5 Nxd5 18. cxd5 Bxd5 19. Bb5 Re5 20. Bxa4
Bxa2 21. b4 h5 22. Bc2 Ree8 23. Bd3 Bd4+ 24. Kh1 Rec8 25. g3 d5 26. Rxc8+ Rxc8
27. Rc1 Rxc1+ 28. Bxc1 Bc4 29. Bc2 Bc3 30. Ba3 d4 31. Kg2 Be2 32. Bb3 d3 33.
Bc4 Kg7 34. Kf2 Bd4+ 35. Ke1 Bc3+ 36. Kf2 Bd4+ 37. Ke1 Bxf3 38. Bxd3 Kf6 39.
Bc1 g5 40. Bd2 b6 41. Kf1 h4 42. gxh4 gxh4 43. h3 Ke5 44. Bg5 Bxe4 45. Bxe4
Kxe4 46. Bxh4 Kf3 47. Be7 b5 48. Bd6 f5 49. Be7 Be5 50. h4 Kg4 51. Kg2 Bd4 52.
Bd8 Bc3 53. Be7 Be1 54. h5 Kxh5 55. Kf3 Kg6 56. Bc5 Kf6 57. Ke2 Bg3 58. Kf3 Bh4
59. Ke3 Ke6 60. Kf4 Bd8 61. Ke3 Bc7 62. Kd4 Be5+ 63. Kd3 Kd5 64. Ke3 Bd6 0-1

[Event "2.BLO 1516 Bad Mergentheim - Nickelhüt"]
[Site "?"]
[Date "2016.03.12"]
[Round "3.1"]
[White "Papp, Gabor"]
[Black "Ikonnikov, Vyacheslav"]
[Result "1-0"]
[WhiteElo "2583"]
[BlackElo "2545"]
[PlyCount "139"]
[EventDate "2016.??.??"]

1. e4 c5 2. Nf3 Nc6 3. d4 cxd4 4. Nxd4 e5 5. Nb5 d6 6. N1c3 a6 7. Na3 b5 8. Nd5
Nf6 9. Bg5 Be7 10. Bxf6 Bxf6 11. c3 Rb8 12. Nc2 Bg5 13. a4 bxa4 14. Ncb4 Bd7
15. Bxa6 Nxb4 16. Nxb4 O-O 17. O-O Qc7 18. Qd3 Rfd8 19. Bc4 Rb7 20. Bd5 Ra7 21.
Rfd1 Be8 22. Ra3 Rc8 23. Ba2 Qb8 24. Ra1 Bd8 25. Bb3 Ba5 26. Nd5 axb3 27. Rxa5
Rb7 28. Ne3 Bb5 29. c4 Bd7 30. Rd1 Be6 31. Qxd6 Qxd6 32. Rxd6 g6 33. Rxe5 Bxc4
34. f4 Ra7 35. Kf2 Kg7 36. Rg5 f6 37. Rg3 Bf7 38. Rd2 Kf8 39. Nd5 Bxd5 40. exd5
Rc2 41. Rxc2 bxc2 42. Rc3 Rd7 43. Rxc2 Rxd5 44. b4 Rd4 45. Rb2 Rxf4+ 46. Ke3
Rc4 47. b5 Ke7 48. b6 Rc8 49. b7 Rb8 50. Rb6 Kd8 51. Kf4 Ke7 52. h4 Kd8 53. g3
Ke7 54. Ke4 Kd8 55. Kd5 Kc7 56. Rxf6 Rd8+ 57. Kc5 Rd7 58. Rb6 Kb8 59. g4 Rf7
60. Rb4 h5 61. g5 Rf5+ 62. Kd6 Rf1 63. Ke7 Rf2 64. Rb6 Rf4 65. Rxg6 Kxb7 66.
Rh6 Rxh4 67. g6 Rg4 68. Kf6 Kc7 69. Rxh5 Kd7 70. g7 1-0

[Event "2.BLO 1516 Bad Mergentheim - Nickelhüt"]
[Site "?"]
[Date "2016.03.12"]
[Round "3.2"]
[White "Karpatchev, Aleksandr"]
[Black "Prohaszka, Peter"]
[Result "1-0"]
[WhiteElo "2480"]
[BlackElo "2610"]
[PlyCount "59"]
[EventDate "2016.??.??"]

1. e4 e5 2. Nf3 Nc6 3. Bc4 Nf6 4. d4 exd4 5. e5 d5 6. Bb5 Ne4 7. Nxd4 Bd7 8.
Bxc6 bxc6 9. O-O Bc5 10. f3 Ng5 11. f4 Ne4 12. Be3 Bb6 13. Nd2 Nxd2 14. Qxd2 c5
15. Nf3 d4 16. Bf2 O-O 17. Bh4 Qc8 18. c4 a5 19. Qf2 Bc6 20. Qg3 Be4 21. Be7
Re8 22. Bf6 Bg6 23. Nh4 gxf6 24. f5 Rxe5 25. fxg6 Qe6 26. gxf7+ Kxf7 27. Nf3
Rf5 28. Rae1 Qd7 29. Ng5+ fxg5 30. Qxg5 1-0